[Event "Michigan Class D/E"]
[Site "Auburn Hills"]
[Date "2005.01.16"]
[Round "4.7"]
[White "Ormechea, Kevin"]
[Black "Cowan, Winston"]
[Result "0-1"]
[WhiteElo "902"]
[BlackElo "1203"]
[PlyCount "114"]
[EventDate "2005.01.15"]
[EventType "swiss"]
[EventRounds "5"]
[EventCountry "USA"]
[SourceTitle "EXT 2006"]
[Source "ChessBase"]
[SourceDate "2005.11.24"]
[SourceVersion "1"]
[SourceVersionDate "2005.11.24"]
[SourceQuality "1"]

1. e4 c5 2. Nf3 d6 3. Bb5+ Nd7 4. Nc3 Ngf6 5. d3 a6 6. Ba4 b5 7. Bb3 e6 8. Bg5 Be7 9. 0-0 0-0 10. Re1 Bb7 11. a3 Rc8 12. Ne2 c4 13. Ba2 Re8 14. Nc3 Qc7 15. dxc4 bxc4 16. Rc1 d5 17. exd5 exd5 18. Qd2 Bd6 19. Rxe8+ Rxe8 20. b3 Bxa3 21. Rd1 cxb3 22. Bxb3 Bb4 23. Bf4 Qxc3 24. Qxc3 Bxc3 25. Rd3 Bb2 26. h3 Nc5 27. Rd1 Nxb3 28. cxb3 Bc3 29. Rc1 Ba5 30. Ra1 Bb6 31. Ra2 Re4 32. Bg3 h6 33. Nd2 Re1+ 34. Kh2 Re2 35. b4 Bxf2 36. Be5 Ne4 37. Bf4 g5 38. Be5 Rxd2 39. Rxd2 Nxd2 40. g4 Nf3+ 41. Kg2 Nxe5 42. Kxf2 d4 43. Ke2 f6 44. Kd2 Kf7 45. Kc2 Ke6 46. Kd2 Kd5 47. Ke2 Kc4 48. Kd2 Kxb4 49. Kc2 a5 50. Kb2 a4 51. Kc2 a3 52. Kb1 d3 53. Kc1 a2 54. Kb2 d2 55. Kxa2 d1Q 56. Kb2 Nd3+ 57. Ka2 Bd5# 0-1

[Event "Michigan Class D/E"]
[Site "Auburn Hills"]
[Date "2005.01.15"]
[Round "2.8"]
[White "Ormechea, Kevin"]
[Black "Oliver, Jaison"]
[Result "0-1"]
[WhiteElo "902"]
[BlackElo "1262"]
[PlyCount "64"]
[EventDate "2005.01.15"]
[EventType "swiss"]
[EventRounds "5"]
[EventCountry "USA"]
[SourceTitle "EXT 2006"]
[Source "ChessBase"]
[SourceDate "2005.11.24"]
[SourceVersion "1"]
[SourceVersionDate "2005.11.24"]
[SourceQuality "1"]

1. e4 e5 2. Nf3 Nf6 3. Nc3 Nc6 4. d4 exd4 5. Nxd4 Bb4 6. Nxc6 bxc6 7. Bd2 0-0 8. Bc4 Bxc3 9. Bxc3 Nxe4 10. Bb4 Re8 11. 0-0 d5 12. Bd3 a5 13. Ba3 Qg5 14. Kh1 Qf4 15. Bxe4 Rxe4 16. Re1 Bf5 17. Bc5 Rae8 18. Rxe4 Qxe4 19. c3 h5 20. Be3 h4 21. Bd4 h3 22. f3 hxg2+ 23. Kxg2 Qe2+ 24. Kg3 Qxb2 25. Qg1 Re6 26. Kh4 Rh6+ 27. Kg3 Rg6+ 28. Kh4 Rxg1 29. Rxg1 Qxh2+ 30. Kg5 Bg6 31. a4 f6+ 32. Kxg6 Qh7# 0-1

[Event "Michigan Amateur op"]
[Site "Kalamazoo"]
[Date "2004.10.23"]
[Round "1"]
[White "Ormechea, Kevin"]
[Black "Farmand, Farnood"]
[Result "0-1"]
[WhiteElo "902"]
[BlackElo "1725"]
[PlyCount "88"]
[EventDate "2004.10.23"]
[EventType "swiss"]
[EventRounds "5"]
[EventCountry "USA"]
[SourceTitle "EXT 2007"]
[Source "ChessBase"]
[SourceDate "2006.11.23"]
[SourceVersion "1"]
[SourceVersionDate "2006.11.23"]
[SourceQuality "1"]

1. e4 e5 2. Nf3 Nf6 3. Nxe5 d6 4. Nf3 Nxe4 5. d3 Nf6 6. Nc3 Nc6 7. Be2 Bf5 8. 0-0 Be7 9. Bf4 0-0 10. Re1 d5 11. Ne5 Bd6 12. Nxc6 bxc6 13. Bg5 Re8 14. Qd2 h6 15. Bh4 Re6 16. Bf3 Bxh2+ 17. Kf1 Bd6 18. Rxe6 Bxe6 19. Re1 Rb8 20. b3 d4 21. Bxf6 Qxf6 22. Ne4 Qd8 23. Nxd6 Qxd6 24. Qd1 c5 25. Bg4 Bxg4 26. Qxg4 Qh2 27. Qe4 Rb6 28. Qe8+ Kh7 29. Qxf7 Rf6 30. Qe7 Qh1+ 31. Ke2 Qxg2 32. Rf1 Qg4+ 33. Kd2 Re6 34. Qxc7 Qe2+ 35. Kc1 Qxf1+ 36. Kb2 Qe1 37. Qxa7 Qc3+ 38. Ka3 Qxc2 39. f4 Qxd3 40. Qxc5 Qa6+ 41. Kb2 Re2+ 42. Kc1 Qd3 43. a4 Qd2+ 44. Kb1 Qb2# 0-1

[Event "Warren Decemb op"]
[Site "Warren"]
[Date "2003.12.13"]
[Round "2"]
[White "Ormechea, Kevin"]
[Black "Bezrutch, Brian"]
[Result "0-1"]
[WhiteElo "835"]
[BlackElo "1443"]
[PlyCount "46"]
[EventDate "2003.12.13"]
[EventType "swiss (rapid)"]
[EventRounds "6"]
[EventCountry "USA"]
[SourceTitle "EXT 2008"]
[Source "ChessBase"]
[SourceDate "2007.11.25"]
[SourceVersion "1"]
[SourceVersionDate "2007.11.25"]
[SourceQuality "1"]

1. e4 e5 2. Nf3 Nc6 3. d4 exd4 4. Nxd4 Nxd4 5. Qxd4 d6 6. Nc3 Be7 7. Bc4 Nf6 8. e5 dxe5 9. Qxe5 0-0 10. 0-0 Bd6 11. Qd4 h6 12. Bf4 Be6 13. Rad1 Qe7 14. Bxd6 cxd6 15. Bxe6 Qxe6 16. Qxd6 Qf5 17. Nd5 Nxd5 18. Rxd5 Qxc2 19. Rd2 Qf5 20. Re1 Rfe8 21. Rde2 Rxe2 22. Rxe2 Qb1+ 23. Re1 Qxe1# 0-1

[Event "Warren Decemb op"]
[Site "Warren"]
[Date "2003.12.13"]
[Round "4"]
[White "Ormechea, Kevin"]
[Black "Gentry, Bronson"]
[Result "0-1"]
[WhiteElo "835"]
[BlackElo "1704"]
[PlyCount "68"]
[EventDate "2003.12.13"]
[EventType "swiss (rapid)"]
[EventRounds "6"]
[EventCountry "USA"]
[SourceTitle "EXT 2008"]
[Source "ChessBase"]
[SourceDate "2007.11.25"]
[SourceVersion "1"]
[SourceVersionDate "2007.11.25"]
[SourceQuality "1"]

1. e4 c5 2. Nf3 Nc6 3. d4 cxd4 4. Nxd4 g6 5. Nxc6 bxc6 6. Nc3 Bg7 7. Bc4 d6 8. 0-0 Nf6 9. h3 0-0 10. Bf4 Nxe4 11. Nxe4 d5 12. Bd3 dxe4 13. Bxe4 Bb7 14. c3 Qb6 15. Qd2 Rad8 16. Qe3 f5 17. Bc2 Qxe3 18. Bxe3 a6 19. Rad1 e5 20. Bb3+ Kh8 21. f4 e4 22. Bd4 a5 23. Bxg7+ Kxg7 24. Bc4 Kf6 25. b4 axb4 26. cxb4 h6 27. a4 g5 28. g3 Bc8 29. h4 gxf4 30. gxf4 Be6 31. Be2 Bb3 32. Ra1 Rd2 33. Bd1 Rg8+ 34. Kh1 Bd5 0-1